Normal view
MARC view
- أبو الرشته، عطا
Entry Personal Name
001 - CONTROL NUMBER
- control field: 17408
003 - CONTROL NUMBER IDENTIFIER
- control field: JO-AjAnu
005 - DATE AND TIME OF LATEST TRANSACTION
- control field: 20230606073056.0
008 - FIXED-LENGTH DATA ELEMENTS
- fixed length control field: 230606|| aca||aabn | a|a d
040 ## - CATALOGING SOURCE
- Original cataloging agency: JO-AjAnu
- Transcribing agency: JO-AjAnu
100 ## - HEADING--PERSONAL NAME
- Personal name: أبو الرشته، عطا
670 ## - SOURCE DATA FOUND
- Source citation: Work cat.: (JO-AjAnu)8938: أبو الرشته، عطا, author, دراسات في أصول الفقه تيسير الوصول الى الأصول